000
00351 a2200169 4500
001
183484
020
_a
85-322-1756-7
040
_c
Magnum
100
_a
Rocha, Ruth
240
1
0
_a
Quando eu for grande
_l
por
245
1
0
_a
Quando eu for grande
300
_a
22
362
0
_a
1999
440
1
_a
FTD
697
_a
LITERATURA INFANTIL
942
_c
BK
999
_c
183484
_d
183484